000 01125cad a22002775a 4500
001 L156484
008 120528e20120217xxkd f s 000 0 eng d
035 _a(Sirsi) u156484
041 0 _aeng
110 2 _aRoyal Institution of Chartered Surveyors
_bEconomics
_95033
245 0 0 _aRICS global real estate weekly
_b11 May 2012
_h[electronic resource]
260 _aLondon
_bRICS
_c2012
490 0 _aRICS Global Real Estate Weekly
_v11 May 2012
520 _aEuro area commercial property outlook remains downbeat. Russian real estate market remains buoyant. US residential construction offering some green shoots. Reconstruction provides a boost to short-term construction activity in Japan.
590 _aKA
650 2 4 _aRICS GLOBAL REAL ESTATE WEEKLY
651 4 _aRussia
651 4 _aEurope
651 4 _aJapan
651 4 _aUnited States
690 _aCommercial property
_96227
690 _aConstruction management
_96230
690 _aResidential property
_96266
856 4 0 _uhttps://www.rics.org/site/download_feed.aspx?fileID=11927&fileExtension=PDF
_zView the report at www.rics.org
942 _n0
999 _c114270
_d114270